000 00626nam a2200229 i 4500
001 C2-0148566
003 PPAK
005 20180727131604.0
008 980318s1991 enka|||| ||||| | eng d
020 _a0861248619
040 _aPPAK
_beng
_cPPAK
_erda
082 0 4 _a574.5264213
_223
090 0 0 _a574.5264213
_bRIC
_dR
100 1 _aRichardson, Darcy,
_eauthor
245 1 4 _aThe rainforests
264 1 _aLondon :
_bBison Books Ltd. ,
_c1991
300 _a128 pages :
_bcolour illustrations ;
_c32 cm
336 _2rdacontent
_atext
337 _2rdamedia
_aunmediated
338 _2rdacarrier
_avolume
942 _ddc
_cB
999 _c47019
_d47019